Claves feministas para transiciones económicas (Registro nro. 52586)
[ vista simple ]
| 000 -CABECERA | |
|---|---|
| Longitud fija campo de control | 01239nam a2200373 c 4500 |
| 001 - NÚMERO DE CONTROL | |
| Número de control | 52586 |
| 003 - IDENTIFICADOR DE NÚMERO DE CONTROL | |
| Identificador del número de control | ES-MaCES |
| 005 - FECHA Y HORA DE LA ÚLTIMA TRANSACCIÓN | |
| Fecha y hora de la última transacción | 20250203134105.0 |
| 008 - CAMPO FIJO DE DESCRIPCIÓN FIJA--INFORMACIÓN GENERAL | |
| Códigos de información de longitud fija | 221202s2022 sp 000 ||spa d |
| 017 ## - NÚMERO DE REGISTRO DE DERECHOS DE AUTOR Y DEPÓSITO LEGAL | |
| Número de copyright o de depósito legal | V 1167-2022 |
| Agencia que asigna el número | DL |
| 020 ## - ISBN (INTERNATIONAL STANDARD BOOK NUMBER) | |
| Número Internacional Normalizado para Libros (ISBN) | 9788419226150 |
| 040 ## - FUENTE DE CATALOGACIÓN | |
| Centro catalogador de origen | ES-MaCES |
| Lengua de catalogación | spa |
| Centro transcriptor | ES-MaCES |
| 100 1# - ENCABEZAMIENTO PRINCIPAL--NOMBRE PERSONAL | |
| 9 (RLIN) | 9316 |
| Nombre de persona | Castro García, Carmen |
| 245 10 - MENCIÓN DE TÍTULO | |
| Título | Claves feministas para transiciones económicas |
| Mención de responsabilidad, etc. | Carmen Castro García |
| 260 ## - PUBLICACIÓN, DISTRIBUCIÓN, ETC (PIE DE IMPRENTA) | |
| Lugar de publicación, distribución, etc. | Valencia |
| Nombre del editor, distribuidor, etc. | Tirant Humanidades |
| Fecha de publicación, distribución, etc. | 2022 |
| 300 ## - DESCRIPCIÓN FÍSICA | |
| Extensión | 200 p. |
| Dimensiones | 22 cm |
| 490 1# - MENCIÓN DE SERIE | |
| Mención de serie | Quaderns Feministes |
| 504 ## - NOTA DE BIBLIOGRAFÍA, ETC. | |
| Nota de bibliografía, etc. | Bibliografía: p. 195-200 |
| 541 ## - NOTA DE LA FUENTE INMEDIANTE DE ADQUISICIÓN | |
| Forma de adquisición | Compra |
| 650 #4 - ASIENTO SECUNDARIO DE MATERIA--TÉRMINO DE MATERIA | |
| Término de materia o nombre geográfico como elemento inicial | mujeres |
| 9 (RLIN) | 28657 |
| 650 #4 - ASIENTO SECUNDARIO DE MATERIA--TÉRMINO DE MATERIA | |
| Término de materia o nombre geográfico como elemento inicial | discriminación por razones de sexo |
| 9 (RLIN) | 29521 |
| 650 #4 - ASIENTO SECUNDARIO DE MATERIA--TÉRMINO DE MATERIA | |
| Término de materia o nombre geográfico como elemento inicial | división del trabajo por sexo |
| 9 (RLIN) | 30439 |
| 650 #4 - ASIENTO SECUNDARIO DE MATERIA--TÉRMINO DE MATERIA | |
| Término de materia o nombre geográfico como elemento inicial | política gubernamental |
| 9 (RLIN) | 27211 |
| 650 #4 - ASIENTO SECUNDARIO DE MATERIA--TÉRMINO DE MATERIA | |
| Término de materia o nombre geográfico como elemento inicial | política económica |
| 9 (RLIN) | 27025 |
| 650 #4 - ASIENTO SECUNDARIO DE MATERIA--TÉRMINO DE MATERIA | |
| Término de materia o nombre geográfico como elemento inicial | cuidado no profesional |
| 9 (RLIN) | 30651 |
| 650 #4 - ASIENTO SECUNDARIO DE MATERIA--TÉRMINO DE MATERIA | |
| Término de materia o nombre geográfico como elemento inicial | planificación en función del género |
| 9 (RLIN) | 30645 |
| 650 #4 - ASIENTO SECUNDARIO DE MATERIA--TÉRMINO DE MATERIA | |
| Término de materia o nombre geográfico como elemento inicial | participación de la mujer en el desarrollo |
| 9 (RLIN) | 30663 |
| 650 #4 - ASIENTO SECUNDARIO DE MATERIA--TÉRMINO DE MATERIA | |
| Término de materia o nombre geográfico como elemento inicial | igualdad de oportunidades |
| 9 (RLIN) | 27183 |
| 650 #4 - ASIENTO SECUNDARIO DE MATERIA--TÉRMINO DE MATERIA | |
| Término de materia o nombre geográfico como elemento inicial | análisis económico |
| 9 (RLIN) | 27070 |
| 653 10 - TÉRMINO DE INDEXACIÓN--NO CONTROLADO | |
| Término no controlado | Política económica |
| 830 #0 - ENCABEZAMIENTO SECUNDARIO DE COLECCIÓN--TÍTULO UNIFORME | |
| 9 (RLIN) | 40446 |
| Título uniforme | Quaderns Feministes |
| 902 ## - CES. TIPO DE DOCUMENTO | |
| Tipodoc (006$c Sirtex) | LIB Libro |
| 942 ## - ELEMENTOS KOHA | |
| Fuente de clasificaión o esquema | Clasificación propia del CES |
| Koha [por defecto] tipo de item | Monografías |
| Parte de clasificación | Economía |
| Número de registro | Signatura completa | Tipo de item de Koha |
|---|---|---|
| 092926 | SG-0.0.-803 | Monografías |
